Human resource management: (Record no. 19020)

MARC details
000 -LEADER
fixed length control field 00914nam a22002418a 4500
005 - DATE AND TIME OF LATEST TRANSACTION
control field 20081024151836.0
008 - FIXED-LENGTH DATA ELEMENTS--GENERAL INFORMATION
fixed length control field 080626s2008 cau 000 0 eng
010 ## - LCCN (DPL NO)
LC control number ENG-91768
020 ## - INTERNATIONAL STANDARD BOOK NUMBER
International Standard Book Number 9780070221659
Terms of availability 195.00
020 ## - INTERNATIONAL STANDARD BOOK NUMBER
International Standard Book Number 0070221650
Terms of availability 195.00
035 ## - SYSTEM CONTROL NUMBER
System control number EN-75301
037 ## - SOURCE OF ACQUISITION
Source of stock number/acquisition DBAD / PUb
040 ## - CATALOGING SOURCE
Original cataloging agency dpl
Language of cataloging English
082 ## - DEWEY DECIMAL CLASSIFICATION NUMBER
Classification number 647.940683
100 ## - MAIN ENTRY--PERSONAL NAME
Personal name Andrews, Sudhir
245 ## - TITLE STATEMENT
Title Human resource management:
Statement of responsibility, etc by Sudhir Andrews
Remainder of title a textbook for the hospitality industry /
260 ## - PUBLICATION, DISTRIBUTION, ETC. (IMPRINT)
Place of publication, distribution, etc New Delhi
Name of publisher, distributor, etc Tata McGraw-Hill,
Date of publication, distribution, etc 2009
300 ## - PHYSICAL DESCRIPTION
Extent xv, 378p.
Dimensions 25cm (pbk)
500 ## - GENERAL NOTE
General note Includes references
650 ## - SUBJECT ADDED ENTRY--TOPICAL TERM
Topical term or geographic name as entry element Hospitality industry
General subdivision Personnel management.
942 ## - ADDED ENTRY ELEMENTS (KOHA)
Source of classification or shelving scheme Dewey Decimal Classification
Item type English Books
Call number suffix AND
Classification part 647.940683
Holdings
Withdrawn status Lost status Source of classification or shelving scheme Damaged status Not for loan Collection code Home library Current library Date acquired Source of acquisition Cost, normal purchase price Total Checkouts Full call number Barcode Date last seen Copy number Cost, replacement price Koha item type
    Dewey Decimal Classification   Not For Loan Non-fiction D.B.Act.Division D.B.Act.Division 24/11/2008 DBAD / PUB 195.00   647.940683 AND EN-75301 24/11/2008 1 195.00 English Books

© Delhi Public Library
Hit Counter
free hit counter